| 000 | 00764nam a22001695i 4500 | ||
|---|---|---|---|
| 001 | 160736 | ||
| 003 | ES-MaACL | ||
| 005 | 20250701063152.0 | ||
| 008 | 041014s1864 sp |||| | spa d | ||
| 040 |
_aCAM _bspa _cCAM |
||
| 100 | 1 |
_aNombela, Julio, _d1836-1919 _985930 |
|
| 245 | 1 | 3 |
_aEl coche del diablo / _cpor Julio Nombela. |
| 260 |
_aMadrid : _bLibrería de Ambos Mundos, de Medina hermanos ; _aBuenos Aires : _bLibrería de la Union, de Medina hermanos, _c1864 ( _fImprenta de F. Martínez García) |
||
| 300 |
_a2 v. (292; 270 p.) ; _c18 cm. |
||
| 852 |
_aES-MaACL _jG-10737 _z-- Enc. hol. _z-- Ex-libri ms. de Gustavo Saenz Diez, 1875 _z-- Dedicatoria ms. del autor a Mª del Pilar Sinues de Marco _z-- 2 t. en 1 v. |
||
| 999 |
_c160736 _d160736 |
||